ESSENTIALS OF ORTHPEDICS & APPLIES PHYSIOTHERAPY (Record no. 1385)

MARC details
000 -LEADER
fixed length control field 00366nam a2200145Ia 4500
008 - FIXED-LENGTH DATA ELEMENTS--GENERAL INFORMATION
fixed length control field 150201s2011 xx 000 0 und d
082 ## - DEWEY DECIMAL CLASSIFICATION NUMBER
Classification number 671.3
Item number E11J
100 ## - MAIN ENTRY--PERSONAL NAME
Personal name JOSHU, JAYANT
245 ## - TITLE STATEMENT
Title ESSENTIALS OF ORTHPEDICS & APPLIES PHYSIOTHERAPY
250 ## - EDITION STATEMENT
Edition statement 2ND
260 ## - PUBLICATION, DISTRIBUTION, ETC. (IMPRINT)
Name of publisher, distributor, etc. ELSEVIER
Place of publication, distribution, etc. INDIA
Date of publication, distribution, etc. 2011
300 ## - PHYSICAL DESCRIPTION
Extent 1-608
650 ## - SUBJECT ADDED ENTRY--TOPICAL TERM
Topical term or geographic name as entry element ORTHOPAEDICS
942 ## - ADDED ENTRY ELEMENTS (KOHA)
Source of classification or shelving scheme Dewey Decimal Classification
Koha item type Books
Koha issues (borrowed), all copies 60
Holdings
Withdrawn status Lost status Source of classification or shelving scheme Damaged status Not for loan Collection code Home library Current library Shelving location Date acquired Source of acquisition Cost, normal purchase price SGTU Bill Number Total Checkouts Full call number Barcode Date last seen Date last checked out Bill Date Koha item type
    Dewey Decimal Classification     MEDICAL SGT Medical Library SGT Medical Library Text Book 13/10/2012 ABC DELHI 695.00 SGTU 2832 37 671.3 E11J FM5046 02/07/2025 09/06/2025 03/11/2012 Books
    Dewey Decimal Classification     MEDICAL SGT Medical Library SGT Medical Library Text Book 13/10/2012 ABC DELHI 695.00 SGTU 2832 53 671.3 E11J FM5047 18/06/2025 17/06/2025 03/11/2012 Books